Online
Catalog

Cuatro grandes claves en la interpretación de la cultura : (Record no. 7109)

MARC details
000 -CABECERA
campo de control de longitud fija 00991cam a2200265 a 4500
001 - NÚMERO DE CONTROL
campo de control 000007328
005 - FECHA Y HORA DE LA ÚLTIMA TRANSACCIÓN
campo de control 20200929154133.0
008 - DATOS DE LONGITUD FIJA--INFORMACIÓN GENERAL
campo de control de longitud fija 980415s1976 gt b 000 0 spa d
035 ## - NÚMERO DE CONTROL DEL SISTEMA
Número de control de sistema (DLC) 98139099
035 ## - NÚMERO DE CONTROL DEL SISTEMA
Número de control de sistema (OCoLC)03560979
040 ## - FUENTE DE LA CATALOGACIÓN
Centro catalogador/agencia de origen DO-SdBNP
Centro/agencia transcriptor YUS
Centro/agencia modificador DLC
-- BNPHU
082 ## - NÚMERO DE LA CLASIFICACIÓN DECIMAL DEWEY
Número de clasificación 972.81
Número de documento/Ítem D582c
049 ## - FONDOS LOCALES (OCLC)
Fondos de biblioteca BNGR
100 1# - ENTRADA PRINCIPAL--NOMBRE DE PERSONA
Nombre de persona Dimas, Lemus
9 (RLIN) 20378
245 10 - MENCIÓN DE TÍTULO
Título Cuatro grandes claves en la interpretación de la cultura :
Resto del título un tributo al pensamiento y a la obra de José Rölz Bennett, preclaro maestro de la juventud guatemalense /
Mención de responsabilidad, etc. Lemus Dimas.
260 ## - PUBLICACIÓN, DISTRIBUCIÓN, ETC.
Lugar de publicación, distribución, etc. Guatemala :
Nombre del editor, distribuidor, etc. Editorial Universitaria,
Fecha de publicación, distribución, etc. 1976.
300 ## - DESCRIPCIÓN FÍSICA
Extensión 233 p. ;
Dimensiones 21 cm.
490 1# - MENCIÓN DE SERIE
Mención de serie Estudios universitarios
Designación de volumen o secuencia 22
504 ## - NOTA DE BIBLIOGRAFÍA, ETC.
Nota de bibliografía, etc. Incluye referencias bibliográficas.
650 #4 - PUNTO DE ACCESO ADICIONAL DE MATERIA--TÉRMINO DE MATERIA
Término de materia o nombre geográfico como elemento de entrada Guatemala
Subdivisión general Historia
9 (RLIN) 20379
651 #4 - PUNTO DE ACCESO ADICIONAL DE MATERIA--NOMBRE GEOGRÁFICO
Nombre geográfico Guatemala
Subdivisión general Civilización
9 (RLIN) 20380
700 1# - PUNTO DE ACCESO ADICIONAL--NOMBRE DE PERSONA
Nombre de persona Rolz-Bennett, José,
Fechas asociadas al nombre 1918-
9 (RLIN) 20381
830 #0 - PUNTO DE ACCESO ADICIONAL DE SERIE-TÍTULO UNIFORME
Título uniforme Coleccion Estudios universitarios ;
Designación de volumen o secuencia 22.
9 (RLIN) 20382
910 ## - DATOS DE OPCIÓN DEL USUARIO (OCLC)
Datos de opción del usuario Catalogación por copia / LC
Holdings
Estado de retiro Estado de pérdida Restricciones de uso No para préstamo Código de colección Localización permanente Ubicación/localización actual Ubicación en estantería Fecha de adquisición Número de inventario Total de préstamos Signatura topográfica completa Código de barras Fecha visto por última vez Precio válido a partir de Tipo de ítem Koha
    Préstamo interno   Monografías: Libros y Folletos General General En catalogación 07.09.2009 LF1   972.81 D582c 7328-10 25.06.2020 25.06.2020 Préstamo interno

Powered by Koha